Gender and School Education (Record no. 1679910)

MARC details
000 -LEADER
fixed length control field 00568nam a22001937a 4500
005 - DATE AND TIME OF LATEST TRANSACTION
control field 20260218061130.0
008 - FIXED-LENGTH DATA ELEMENTS--GENERAL INFORMATION
fixed length control field 260218b |||||||| |||| 00| 0 eng d
020 ## - INTERNATIONAL STANDARD BOOK NUMBER
International Standard Book Number 978-81-8484-289-0
037 ## - SOURCE OF ACQUISITION
Terms of availability Textual
040 ## - CATALOGING SOURCE
Original cataloging agency DSWL
Transcribing agency DSWL
041 ## - LANGUAGE CODE
Language code of text/sound track or separate title eng
084 ## - COLON CLASSIFICATION NUMBER
Classification number T20aY1
Assigning agency DSWL
100 ## - MAIN ENTRY--PERSONAL NAME
Personal name Anand, Meenu
9 (RLIN) 1116113
245 ## - TITLE STATEMENT
Title Gender and School Education
Remainder of title Challenges and Strategies
260 ## - PUBLICATION, DISTRIBUTION, ETC.
Place of publication, distribution, etc. New Delhi
Name of publisher, distributor, etc. Regal Publications
Date of publication, distribution, etc. 2014
300 ## - PHYSICAL DESCRIPTION
Extent 316p.
942 ## - ADDED ENTRY ELEMENTS (KOHA)
Source of classification or shelving scheme Colon Classification (CC)
Koha item type Textual
Classification part T20aY1
Call number prefix T20aY1
Call number suffix Q4; 1
Suppress in OPAC No
Holdings
Withdrawn status Lost status Source of classification or shelving scheme Damaged status Not for loan Home library Current library Date acquired Cost, normal purchase price Total Checkouts Full call number Barcode Date last seen Date last checked out Price effective from Koha item type
    Colon Classification (CC)     Department of Social Work Library Department of Social Work Library 2026-02-18 1280.00 3 T20aY1 Q4;1 SW0032278 2026-03-09 2026-02-27 2026-02-18 Textual
Copyright @ Delhi University Library System